000 01459cam a2200289 4500
001 ABS65143
008 020301n2002 000 0 eng u
035 _a(Sirsi) u116950
100 _aChapman, C.
245 _aPutting social activity back onto the street
260 _c2002
490 _aUrban Environment Today
_v(140) 7 February 2002, 12-13(2)
520 _aReport on progress in the UK of the establishment of Home Zones. Recent announcement that 61 UK areas are to receive more than £30m from Government's Home Zone Challenge Fund has encouraged hope that local streets will play a greater role in community life. Home Zones seek to shift priority of access away from the car to allow greater use by pedestrians, children and cyclists. For more information on Home Zones contact Philip Connolly of Living Streets t +44 (0)20 7820 1010 Copies of "Home Zones- Reconciling people, places and transport" by Ben Hamilton Baillie e [email protected] "The Handbook to planning and designing home zones" by Mike Biddulph t 01235 465500
590 _aABS
650 _aHOME ZONES
650 _aTRANSPORT 2000
650 _aPLAY AREAS
650 _aTRAFFIC MANAGEMENT
650 _aURBAN ENVIRONMENT
650 _aCYCLING
650 _aPEDESTRIANS
650 _aPEDESTRIANISATION
650 _aPEDESTRIANISED AREAS
690 _aENVIRONMENTAL AND LAND CONSULTANCY-ENVIRONMENTAL MANAGEMENT
700 _aCane, M.
942 _n0
999 _c69657
_d69657